[Event "DVM U20 2020"]
[Site "Willingen GER"]
[Date "2021.06.25"]
[Round "4"]
[White "Fock, Sana"]
[Black "Habersetzer, Elyse"]
[Result "1-0"]
[Termination "normal"]
[Board "8.6"]
[WhiteElo "1821"]
[BlackElo "1602"]
[WhiteClock "00:53:17"]
[BlackClock "01:09:22"]
[WhiteTeam "SC Kreuzberg e.V."]
[BlackTeam "Schachklub Münster 32 e. V."]
[PlyCount "39"]
[WhiteFideId "12981966"]
[BlackFideId "16222288"]
[EventCountry "GER"]
[EventRounds "7"]
[EventType "team-swiss"]
[EventDate "2021.06.23"]

1. e4 {[%clk 01:30:57]} {[%emt 00:00:01]} e6 {[%clk 01:30:55]} {[%emt
00:00:05]} 2. d4 {[%clk 01:31:24]} {[%emt 00:00:04]} d5 {[%clk 01:31:22]}
{[%emt 00:00:03]} 3. Nd2 {[%clk 01:31:49]} {[%emt 00:00:05]} dxe4 {[%clk
01:31:48]} {[%emt 00:00:05]} 4. Nxe4 {[%clk 01:32:10]} {[%emt 00:00:08]} Nd7
{[%clk 01:32:15]} {[%emt 00:00:03]} 5. Bd3 {[%clk 01:31:36]} {[%emt 00:01:05]}
Ngf6 {[%clk 01:32:32]} {[%emt 00:00:13]} 6. Qe2 {[%clk 01:31:32]} {[%emt
00:00:33]} Be7 {[%clk 01:32:33]} {[%emt 00:00:30]} 7. Nf3 {[%clk 01:31:12]}
{[%emt 00:00:50]} b6 {[%clk 01:31:58]} {[%emt 00:01:06]} 8. Neg5 {[%clk
01:26:02]} {[%emt 00:05:39]} Bb7 {[%clk 01:29:26]} {[%emt 00:03:03]} 9. Nxf7
{[%clk 01:18:33]} {[%emt 00:07:58]} Kxf7 {[%clk 01:28:26]} {[%emt 00:01:30]}
10. Ng5+ {[%clk 01:18:50]} {[%emt 00:00:13]} Ke8 {[%clk 01:27:40]} {[%emt
00:01:17]} 11. Nxe6 {[%clk 01:18:22]} {[%emt 00:00:58]} Qc8 {[%clk 01:27:34]}
{[%emt 00:00:35]} 12. Nxg7+ {[%clk 01:17:47]} {[%emt 00:01:05]} Kf8 {[%clk
01:26:00]} {[%emt 00:02:03]} 13. Bh6 {[%clk 01:11:59]} {[%emt 00:06:18]} Bd6
{[%clk 01:24:53]} {[%emt 00:01:38]} 14. Ne6+ {[%clk 01:07:15]} {[%emt
00:05:14]} Kg8 {[%clk 01:16:58]} {[%emt 00:08:25]} 15. Nxc7 {[%clk 00:56:53]}
{[%emt 00:10:53]} Bd5 {[%clk 01:11:02]} {[%emt 00:06:25]} 16. Nxd5 {[%clk
00:56:46]} {[%emt 00:00:36]} Nf8 {[%clk 01:10:50]} {[%emt 00:00:42]} 17. Nxf6+
{[%clk 00:56:44]} {[%emt 00:00:33]} Kf7 {[%clk 01:11:13]} {[%emt 00:00:07]} 18.
Ne4 {[%clk 00:54:51]} {[%emt 00:02:23]} Qc7 {[%clk 01:10:21]} {[%emt 00:01:22]}
19. Ng5+ {[%clk 00:53:17]} {[%emt 00:02:03]} Kg8 {[%clk 01:09:22]} {[%emt
00:01:29]} 20. Bc4+ {[%emt 00:00:16]} 1-0

[Event "DVM U20 2020"]
[Site "Willingen GER"]
[Date "2021.06.26"]
[Round "5"]
[White "Woelk, Tom-Frederic"]
[Black "Suvorov, Alexander"]
[Result "1-0"]
[Termination "normal"]
[Board "1.1"]
[BlackTitle "FM"]
[WhiteElo "2245"]
[BlackElo "2353"]
[WhiteClock "00:23:32"]
[BlackClock "00:03:17"]
[WhiteTeam "Hamburger SK von 1830"]
[BlackTeam "Schachgemeinschaft Porz e. V."]
[PlyCount "57"]
[WhiteFideId "12993077"]
[BlackFideId "12977063"]
[EventCountry "GER"]
[EventRounds "7"]
[EventType "team-swiss"]
[EventDate "2021.06.23"]

1. d4 {[%clk 01:30:57]} {[%emt 00:00:02]} Nf6 {[%clk 01:30:19]} {[%emt
00:00:41]} 2. c4 {[%clk 01:31:21]} {[%emt 00:00:06]} e6 {[%clk 01:30:14]}
{[%emt 00:00:35]} 3. Nc3 {[%clk 01:31:29]} {[%emt 00:00:22]} Bb4 {[%clk
01:30:39]} {[%emt 00:00:06]} 4. f3 {[%clk 01:31:56]} {[%emt 00:00:03]} c5
{[%clk 01:30:58]} {[%emt 00:00:11]} 5. d5 {[%clk 01:32:22]} {[%emt 00:00:03]}
O-O {[%clk 01:31:09]} {[%emt 00:00:19]} 6. e4 {[%clk 01:31:15]} {[%emt
00:01:38]} b5 {[%clk 01:31:16]} {[%emt 00:00:23]} 7. Nh3 {[%clk 01:30:59]}
{[%emt 00:00:45]} d6 {[%clk 01:31:12]} {[%emt 00:00:35]} 8. Nf2 {[%clk
01:19:44]} {[%emt 00:11:44]} exd5 {[%clk 01:26:19]} {[%emt 00:05:24]} 9. cxd5
{[%clk 01:19:09]} {[%emt 00:01:05]} a6 {[%clk 01:25:46]} {[%emt 00:01:03]} 10.
a4 {[%clk 01:12:50]} {[%emt 00:06:49]} Ba5 {[%clk 01:16:14]} {[%emt 00:10:01]}
11. Be2 {[%clk 01:06:58]} {[%emt 00:06:22]} c4 {[%clk 00:58:10]} {[%emt
00:18:34]} 12. Be3 {[%clk 00:59:54]} {[%emt 00:07:34]} Nbd7 {[%clk 00:46:33]}
{[%emt 00:12:07]} 13. O-O {[%clk 00:56:43]} {[%emt 00:03:41]} Rb8 {[%clk
00:45:14]} {[%emt 00:01:49]} 14. axb5 {[%clk 00:54:51]} {[%emt 00:02:22]} axb5
{[%clk 00:45:22]} {[%emt 00:00:22]} 15. Na2 {[%clk 00:47:44]} {[%emt 00:07:37]}
Bb6 {[%clk 00:39:40]} {[%emt 00:06:12]} 16. Bxb6 {[%clk 00:45:40]} {[%emt
00:02:34]} Qxb6 {[%clk 00:38:50]} {[%emt 00:01:20]} 17. Nb4 {[%clk 00:45:13]}
{[%emt 00:00:57]} Bb7 {[%clk 00:37:59]} {[%emt 00:01:21]} 18. b3 {[%clk
00:44:35]} {[%emt 00:01:08]} Rfc8 {[%clk 00:33:22]} {[%emt 00:05:07]} 19. bxc4
{[%clk 00:36:30]} {[%emt 00:08:35]} bxc4 {[%clk 00:33:39]} {[%emt 00:00:13]}
20. Rb1 {[%clk 00:36:53]} {[%emt 00:00:07]} Qc5 {[%clk 00:21:49]} {[%emt
00:12:21]} 21. Nc2 {[%clk 00:36:42]} {[%emt 00:00:40]} Ba6 {[%clk 00:08:57]}
{[%emt 00:13:22]} 22. Qd4 {[%clk 00:36:33]} {[%emt 00:00:38]} Rxb1 {[%clk
00:05:33]} {[%emt 00:03:55]} 23. Rxb1 {[%clk 00:36:43]} {[%emt 00:00:21]} Qc7
{[%clk 00:04:33]} {[%emt 00:01:29]} 24. Nd1 {[%clk 00:24:50]} {[%emt 00:12:24]}
Ne5 {[%clk 00:02:17]} {[%emt 00:02:46]} 25. Qb6 {[%clk 00:24:16]} {[%emt
00:01:03]} Nfd7 {[%clk 00:02:24]} {[%emt 00:00:24]} 26. Qxa6 {[%clk 00:24:11]}
{[%emt 00:00:35]} Qc5+ {[%clk 00:02:52]} {[%emt 00:00:02]} 27. Nde3 {[%clk
00:23:48]} {[%emt 00:00:53]} c3 {[%clk 00:02:53]} {[%emt 00:00:29]} 28. Rb5
{[%clk 00:23:18]} {[%emt 00:00:59]} Qc7 {[%clk 00:03:17]} {[%emt 00:00:06]} 29.
Qa5 {[%clk 00:23:32]} {[%emt 00:00:17]} 1-0

[Event "DVM U20 2020"]
[Site "Willingen GER"]
[Date "2021.06.26"]
[Round "5"]
[White "Suvorov, Luca"]
[Black "Holinka, Henning"]
[Result "1/2-1/2"]
[Termination "normal"]
[Board "1.2"]
[WhiteTitle "FM"]
[WhiteElo "2279"]
[BlackElo "2256"]
[WhiteClock "00:05:08"]
[BlackClock "00:04:43"]
[WhiteTeam "Schachgemeinschaft Porz e. V."]
[BlackTeam "Hamburger SK von 1830"]
[PlyCount "101"]
[WhiteFideId "12977071"]
[BlackFideId "12967084"]
[EventCountry "GER"]
[EventRounds "7"]
[EventType "team-swiss"]
[EventDate "2021.06.23"]

1. d4 {[%clk 01:30:59]} g6 {[%clk 01:30:52]} {[%emt 00:00:08]} 2. c4 {[%clk
01:31:03]} {[%emt 00:00:26]} Bg7 {[%clk 01:31:15]} {[%emt 00:00:06]} 3. e4
{[%clk 01:31:11]} {[%emt 00:00:24]} d6 {[%clk 01:31:38]} {[%emt 00:00:06]} 4.
Nc3 {[%clk 01:31:09]} {[%emt 00:00:32]} e5 {[%clk 01:31:57]} {[%emt 00:00:11]}
5. Nge2 {[%clk 01:30:15]} {[%emt 00:01:23]} Ne7 {[%clk 01:31:15]} {[%emt
00:01:13]} 6. Be3 {[%clk 01:23:35]} {[%emt 00:07:10]} Nd7 {[%clk 01:30:28]}
{[%emt 00:01:17]} 7. Qd2 {[%clk 01:22:21]} {[%emt 00:01:44]} O-O {[%clk
01:29:03]} {[%emt 00:01:55]} 8. O-O-O {[%clk 01:19:44]} {[%emt 00:03:07]} f5
{[%clk 01:26:31]} {[%emt 00:03:02]} 9. Bg5 {[%clk 01:18:46]} {[%emt 00:01:28]}
Bf6 {[%clk 01:13:29]} {[%emt 00:13:32]} 10. Bxf6 {[%clk 00:54:10]} {[%emt
00:25:06]} Rxf6 {[%clk 01:02:20]} {[%emt 00:11:39]} 11. exf5 {[%clk 00:40:10]}
{[%emt 00:14:30]} Nxf5 {[%clk 00:55:02]} {[%emt 00:07:47]} 12. h4 {[%clk
00:36:20]} {[%emt 00:04:21]} exd4 {[%clk 00:44:52]} {[%emt 00:10:40]} 13. Nxd4
{[%clk 00:33:06]} {[%emt 00:03:45]} Ne5 {[%clk 00:37:11]} {[%emt 00:08:10]} 14.
Nxf5 {[%clk 00:21:48]} {[%emt 00:11:48]} Bxf5 {[%clk 00:35:45]} {[%emt
00:01:56]} 15. f3 {[%clk 00:21:52]} {[%emt 00:00:26]} Be6 {[%clk 00:30:43]}
{[%emt 00:05:32]} 16. Nd5 {[%clk 00:16:39]} {[%emt 00:05:43]} Bxd5 {[%clk
00:26:55]} {[%emt 00:04:18]} 17. Qxd5+ {[%clk 00:16:33]} {[%emt 00:00:36]} Kg7
{[%clk 00:25:33]} {[%emt 00:01:52]} 18. h5 {[%clk 00:15:21]} {[%emt 00:01:42]}
g5 {[%clk 00:11:14]} {[%emt 00:14:49]} 19. Qxb7 {[%clk 00:13:02]} {[%emt
00:02:49]} Rb8 {[%clk 00:10:16]} {[%emt 00:01:28]} 20. Qxa7 {[%clk 00:12:06]}
{[%emt 00:01:26]} Rf4 {[%clk 00:09:33]} {[%emt 00:01:13]} 21. h6+ {[%clk
00:11:54]} {[%emt 00:00:42]} Kf7 {[%clk 00:08:21]} {[%emt 00:01:42]} 22. b3
{[%clk 00:06:56]} {[%emt 00:05:28]} Ra8 {[%clk 00:07:06]} {[%emt 00:01:45]} 23.
Qf2 {[%clk 00:06:52]} {[%emt 00:00:34]} Qf6 {[%clk 00:06:25]} {[%emt 00:01:11]}
24. Kb1 {[%clk 00:02:43]} {[%emt 00:04:40]} Nxc4 {[%clk 00:01:50]} {[%emt
00:05:05]} 25. Bxc4+ {[%clk 00:02:17]} {[%emt 00:00:55]} Rxc4 {[%clk 00:02:13]}
{[%emt 00:00:07]} 26. Qd2 {[%clk 00:01:03]} {[%emt 00:01:44]} Qf5+ {[%clk
00:01:25]} {[%emt 00:01:18]} 27. Qd3 {[%clk 00:00:48]} {[%emt 00:00:45]} Rc5
{[%clk 00:00:48]} {[%emt 00:01:07]} 28. Rhe1 {[%clk 00:00:36]} {[%emt
00:00:42]} Qxd3+ {[%clk 00:00:45]} {[%emt 00:00:33]} 29. Rxd3 {[%clk 00:01:05]}
{[%emt 00:00:02]} Rf5 {[%clk 00:00:36]} {[%emt 00:00:38]} 30. Rde3 {[%clk
00:01:20]} {[%emt 00:00:15]} Kg6 {[%clk 00:00:35]} {[%emt 00:00:31]} 31. Re7
{[%clk 00:01:08]} {[%emt 00:00:43]} Rc8 {[%clk 00:00:45]} {[%emt 00:00:19]} 32.
R1e6+ {[%clk 00:00:34]} {[%emt 00:01:04]} Rf6 {[%clk 00:01:11]} {[%emt
00:00:04]} 33. Rxf6+ {[%clk 00:00:49]} {[%emt 00:00:15]} Kxf6 {[%clk 00:01:40]}
34. Rxh7 {[%clk 00:00:51]} {[%emt 00:00:28]} Kg6 {[%clk 00:02:06]} {[%emt
00:00:04]} 35. Re7 {[%clk 00:00:47]} {[%emt 00:00:35]} Kxh6 {[%clk 00:02:33]}
{[%emt 00:00:03]} 36. g4 {[%clk 00:00:58]} {[%emt 00:00:18]} Kg6 {[%clk
00:02:46]} {[%emt 00:00:16]} 37. a4 {[%clk 00:00:53]} {[%emt 00:00:36]} Kf6
{[%clk 00:02:36]} {[%emt 00:00:40]} 38. Re1 {[%clk 00:00:54]} {[%emt 00:00:29]}
c5 {[%clk 00:02:37]} {[%emt 00:00:29]} 39. Kc2 {[%clk 00:00:58]} {[%emt
00:00:27]} d5 {[%clk 00:02:50]} {[%emt 00:00:17]} 40. Kc3 {[%clk 00:00:44]}
{[%emt 00:00:44]} Rb8 {[%clk 00:02:37]} {[%emt 00:00:43]} 41. a5 {[%clk
00:20:10]} {[%emt 00:11:03]} Ra8 {[%clk 00:31:19]} {[%emt 00:01:47]} 42. Ra1
{[%clk 00:14:36]} {[%emt 00:06:05]} Ke5 {[%clk 00:26:27]} {[%emt 00:05:22]} 43.
b4 {[%clk 00:07:34]} {[%emt 00:07:32]} d4+ {[%clk 00:23:35]} {[%emt 00:03:22]}
44. Kc4 {[%clk 00:06:39]} {[%emt 00:01:26]} cxb4 {[%clk 00:21:14]} {[%emt
00:02:51]} 45. Kxb4 {[%clk 00:06:59]} {[%emt 00:00:09]} d3 {[%clk 00:14:19]}
{[%emt 00:07:25]} 46. Kc3 {[%clk 00:04:45]} {[%emt 00:02:44]} Kf4 {[%clk
00:07:38]} {[%emt 00:07:11]} 47. Kxd3 {[%clk 00:04:53]} {[%emt 00:00:22]} Kxf3
{[%clk 00:07:52]} {[%emt 00:00:16]} 48. Ra4 {[%clk 00:05:13]} {[%emt 00:00:11]}
Rd8+ {[%clk 00:07:07]} {[%emt 00:01:14]} 49. Kc3 {[%clk 00:05:24]} {[%emt
00:00:19]} Ra8 {[%clk 00:05:39]} {[%emt 00:01:57]} 50. Kb3 {[%clk 00:05:37]}
{[%emt 00:00:18]} Ra7 {[%clk 00:04:43]} {[%emt 00:01:26]} 51. a6 {[%clk
00:05:08]} {[%emt 00:01:00]} 1/2-1/2

[Event "DVM U20 2020"]
[Site "Willingen GER"]
[Date "2021.06.26"]
[Round "5"]
[White "Meyling, Lennart"]
[Black "Fieberg, Samuel"]
[Result "0-1"]
[Termination "normal"]
[Board "1.3"]
[BlackTitle "FM"]
[WhiteElo "2044"]
[BlackElo "2180"]
[WhiteClock "00:34:26"]
[BlackClock "00:24:53"]
[WhiteTeam "Hamburger SK von 1830"]
[BlackTeam "Schachgemeinschaft Porz e. V."]
[PlyCount "136"]
[WhiteFideId "12947130"]
[BlackFideId "12901717"]
[EventCountry "GER"]
[EventRounds "7"]
[EventType "team-swiss"]
[EventDate "2021.06.23"]

1. d4 {[%clk 01:30:57]} {[%emt 00:00:02]} d5 {[%clk 01:30:52]} {[%emt
00:00:08]} 2. c4 {[%clk 01:29:57]} {[%emt 00:01:31]} c6 {[%clk 01:31:19]}
{[%emt 00:00:04]} 3. cxd5 {[%clk 01:28:52]} {[%emt 00:01:34]} cxd5 {[%clk
01:31:45]} {[%emt 00:00:04]} 4. Nc3 {[%clk 01:27:42]} {[%emt 00:01:41]} Nc6
{[%clk 01:31:30]} {[%emt 00:00:44]} 5. f3 {[%clk 01:26:58]} {[%emt 00:01:14]}
e5 {[%clk 01:23:30]} {[%emt 00:08:30]} 6. dxe5 {[%clk 01:14:58]} {[%emt
00:12:30]} d4 {[%clk 01:23:44]} {[%emt 00:00:15]} 7. Ne4 {[%clk 01:15:24]}
{[%emt 00:00:06]} Qa5+ {[%clk 01:19:31]} {[%emt 00:04:43]} 8. Kf2 {[%clk
01:11:01]} {[%emt 00:04:52]} Qxe5 {[%clk 01:18:47]} {[%emt 00:01:14]} 9. g3
{[%clk 01:10:09]} {[%emt 00:01:23]} f5 {[%clk 01:15:01]} {[%emt 00:04:15]} 10.
Nd2 {[%clk 01:04:42]} {[%emt 00:05:57]} Nf6 {[%clk 01:14:27]} {[%emt 00:01:04]}
11. Nc4 {[%clk 01:01:35]} {[%emt 00:03:38]} Qe6 {[%clk 01:12:22]} {[%emt
00:02:34]} 12. e3 {[%clk 01:01:22]} {[%emt 00:00:43]} b5 {[%clk 01:11:55]}
{[%emt 00:00:57]} 13. Na3 {[%clk 01:01:46]} {[%emt 00:00:07]} a6 {[%clk
00:51:49]} {[%emt 00:20:35]} 14. exd4 {[%clk 00:57:54]} {[%emt 00:04:22]} Bxa3
{[%clk 00:47:43]} {[%emt 00:04:36]} 15. bxa3 {[%clk 00:58:16]} {[%emt
00:00:08]} O-O {[%clk 00:48:02]} {[%emt 00:00:10]} 16. Ne2 {[%clk 00:57:01]}
{[%emt 00:01:46]} Nd5 {[%clk 00:46:28]} {[%emt 00:02:05]} 17. a4 {[%clk
00:40:42]} {[%emt 00:16:47]} Kh8 {[%clk 00:44:15]} {[%emt 00:02:44]} 18. axb5
{[%clk 00:40:25]} {[%emt 00:00:47]} axb5 {[%clk 00:44:39]} {[%emt 00:00:06]}
19. Nf4 {[%clk 00:40:24]} {[%emt 00:00:31]} Nxf4 {[%clk 00:44:56]} {[%emt
00:00:13]} 20. Bxf4 {[%clk 00:40:50]} {[%emt 00:00:04]} Qd5 {[%clk 00:40:54]}
{[%emt 00:04:32]} 21. Be2 {[%clk 00:39:04]} {[%emt 00:02:17]} Re8 {[%clk
00:37:43]} {[%emt 00:03:40]} 22. Qd3 {[%clk 00:34:51]} {[%emt 00:04:44]} Ba6
{[%clk 00:27:15]} {[%emt 00:10:57]} 23. Rhe1 {[%clk 00:35:12]} {[%emt
00:00:09]} b4 {[%clk 00:23:57]} {[%emt 00:03:48]} 24. Qd2 {[%clk 00:29:04]}
{[%emt 00:06:38]} Bxe2 {[%clk 00:23:59]} {[%emt 00:00:28]} 25. Rxe2 {[%clk
00:28:53]} {[%emt 00:00:41]} Rxe2+ {[%clk 00:24:23]} {[%emt 00:00:06]} 26. Kxe2
{[%clk 00:29:00]} {[%emt 00:00:23]} Nxd4+ {[%clk 00:24:46]} {[%emt 00:00:07]}
27. Kf1 {[%clk 00:29:15]} {[%emt 00:00:15]} Qxf3+ {[%clk 00:23:41]} {[%emt
00:01:35]} 28. Qf2 {[%clk 00:29:40]} {[%emt 00:00:05]} Qd3+ {[%clk 00:15:04]}
{[%emt 00:09:07]} 29. Kg1 {[%clk 00:29:17]} {[%emt 00:00:53]} Ne2+ {[%clk
00:14:58]} {[%emt 00:00:37]} 30. Kg2 {[%clk 00:29:18]} {[%emt 00:00:28]} Qe4+
{[%clk 00:14:35]} {[%emt 00:00:53]} 31. Qf3 {[%clk 00:29:03]} {[%emt 00:00:45]}
Nxf4+ {[%clk 00:14:59]} {[%emt 00:00:06]} 32. gxf4 {[%emt 00:00:09]} Qxf3+
{[%clk 00:15:00]} {[%emt 00:00:26]} 33. Kxf3 {[%clk 00:29:45]} {[%emt
00:00:12]} Ra3+ {[%clk 00:15:27]} {[%emt 00:00:03]} 34. Ke2 {[%clk 00:28:25]}
{[%emt 00:01:50]} b3 {[%clk 00:15:45]} {[%emt 00:00:11]} 35. Rb1 {[%clk
00:28:41]} {[%emt 00:00:15]} Rxa2+ {[%clk 00:16:04]} {[%emt 00:00:11]} 36. Kd1
{[%clk 00:28:54]} {[%emt 00:00:17]} Rxh2 {[%clk 00:16:29]} {[%emt 00:00:06]}
37. Rxb3 {[%clk 00:29:12]} {[%emt 00:00:12]} h5 {[%clk 00:16:43]} {[%emt
00:00:15]} 38. Ke1 {[%clk 00:28:52]} {[%emt 00:00:51]} Kh7 {[%clk 00:16:29]}
{[%emt 00:00:43]} 39. Kf1 {[%clk 00:29:05]} {[%emt 00:00:17]} Kh6 {[%clk
00:16:49]} {[%emt 00:00:09]} 40. Rb5 {[%clk 00:29:11]} {[%emt 00:00:24]} g6
{[%clk 00:17:15]} {[%emt 00:00:05]} 41. Rb6 {[%clk 00:29:29]} {[%emt 00:00:12]}
h4 {[%clk 00:17:37]} {[%emt 00:00:08]} 42. Rb8 {[%clk 00:29:10]} {[%emt
00:00:49]} Kh5 {[%clk 00:17:48]} {[%emt 00:00:19]} 43. Kg1 {[%clk 00:29:25]}
{[%emt 00:00:14]} Ra2 {[%clk 00:18:11]} {[%emt 00:00:07]} 44. Rb4 {[%clk
00:29:24]} {[%emt 00:00:32]} Ra6 {[%clk 00:18:28]} {[%emt 00:00:13]} 45. Kg2
{[%clk 00:28:56]} {[%emt 00:00:58]} Kg4 {[%clk 00:18:54]} {[%emt 00:00:04]} 46.
Rb2 {[%clk 00:29:12]} {[%emt 00:00:14]} Kxf4 {[%clk 00:19:18]} {[%emt
00:00:06]} 47. Kh3 {[%clk 00:29:23]} {[%emt 00:00:19]} Kg5 {[%clk 00:19:42]}
{[%emt 00:00:06]} 48. Rb3 {[%clk 00:29:31]} {[%emt 00:00:22]} Kh5 {[%clk
00:20:05]} {[%emt 00:00:07]} 49. Rf3 {[%clk 00:29:50]} {[%emt 00:00:11]} Ra4
{[%clk 00:20:18]} {[%emt 00:00:16]} 50. Rf2 {[%clk 00:29:41]} {[%emt 00:00:40]}
Ra3+ {[%clk 00:20:43]} {[%emt 00:00:05]} 51. Kh2 {[%clk 00:30:08]} {[%emt
00:00:04]} Kg4 {[%clk 00:21:02]} {[%emt 00:00:11]} 52. Rg2+ {[%clk 00:30:30]}
{[%emt 00:00:07]} Rg3 {[%clk 00:21:22]} {[%emt 00:00:10]} 53. Ra2 {[%clk
00:30:57]} {[%emt 00:00:03]} f4 {[%clk 00:21:42]} {[%emt 00:00:11]} 54. Ra4
{[%clk 00:31:17]} {[%emt 00:00:09]} Rb3 {[%clk 00:21:57]} {[%emt 00:00:15]} 55.
Ra1 {[%clk 00:31:30]} {[%emt 00:00:16]} Rb2+ {[%clk 00:22:23]} {[%emt
00:00:04]} 56. Kh1 {[%clk 00:31:58]} {[%emt 00:00:03]} h3 {[%clk 00:22:41]}
{[%emt 00:00:12]} 57. Rg1+ {[%clk 00:32:21]} {[%emt 00:00:07]} Kf5 {[%clk
00:22:54]} {[%emt 00:00:17]} 58. Ra1 {[%clk 00:32:29]} {[%emt 00:00:21]} g5
{[%clk 00:23:20]} {[%emt 00:00:06]} 59. Ra5+ {[%clk 00:32:53]} {[%emt
00:00:05]} Kg4 {[%clk 00:23:42]} {[%emt 00:00:08]} 60. Ra4 {[%clk 00:33:15]}
{[%emt 00:00:08]} Kg3 {[%clk 00:24:03]} {[%emt 00:00:09]} 61. Ra1 {[%clk
00:33:41]} {[%emt 00:00:04]} Kh4 {[%clk 00:23:35]} {[%emt 00:00:58]} 62. Rf1
{[%clk 00:34:00]} {[%emt 00:00:11]} Rb4 {[%clk 00:23:25]} {[%emt 00:00:39]} 63.
Ra1 {[%clk 00:34:05]} {[%emt 00:00:26]} g4 {[%clk 00:23:51]} {[%emt 00:00:04]}
64. Rc1 {[%clk 00:34:21]} {[%emt 00:00:13]} g3 {[%clk 00:24:15]} {[%emt
00:00:07]} 65. Rd1 {[%clk 00:34:44]} {[%emt 00:00:08]} h2 {[%clk 00:24:11]}
{[%emt 00:00:33]} 66. Kg2 {[%clk 00:34:03]} {[%emt 00:01:11]} Kg4 {[%clk
00:24:30]} {[%emt 00:00:11]} 67. Rf1 {[%clk 00:34:04]} {[%emt 00:00:29]} Rb2+
{[%clk 00:24:28]} {[%emt 00:00:32]} 68. Kh1 {[%clk 00:34:26]} {[%emt 00:00:08]}
g2+ {[%clk 00:24:53]} {[%emt 00:00:05]} 0-1

[Event "DVM U20 2020"]
[Site "Willingen GER"]
[Date "2021.06.26"]
[Round "5"]
[White "Gallasch, Jonas"]
[Black "Rogozenco, Teodora"]
[Result "1/2-1/2"]
[Termination "normal"]
[Board "1.4"]
[BlackTitle "WFM"]
[WhiteElo "2112"]
[BlackElo "1978"]
[WhiteClock "00:27:18"]
[BlackClock "00:01:49"]
[WhiteTeam "Schachgemeinschaft Porz e. V."]
[BlackTeam "Hamburger SK von 1830"]
[PlyCount "81"]
[WhiteFideId "16222474"]
[BlackFideId "12938084"]
[EventCountry "GER"]
[EventRounds "7"]
[EventType "team-swiss"]
[EventDate "2021.06.23"]

1. d4 {[%clk 01:30:57]} {[%emt 00:00:03]} Nf6 {[%clk 01:30:53]} {[%emt
00:00:07]} 2. c4 {[%clk 01:31:20]} {[%emt 00:00:07]} c5 {[%clk 01:31:18]}
{[%emt 00:00:05]} 3. d5 {[%clk 01:31:42]} {[%emt 00:00:08]} b5 {[%clk
01:31:38]} {[%emt 00:00:09]} 4. Nf3 {[%clk 01:31:27]} {[%emt 00:00:46]} Bb7
{[%clk 01:31:48]} {[%emt 00:00:20]} 5. Qc2 {[%clk 01:30:47]} {[%emt 00:01:10]}
bxc4 {[%clk 01:31:58]} {[%emt 00:00:19]} 6. e4 {[%clk 01:31:08]} {[%emt
00:00:09]} e6 {[%clk 01:32:14]} {[%emt 00:00:14]} 7. Bxc4 {[%clk 01:29:26]}
{[%emt 00:02:13]} exd5 {[%clk 01:32:20]} {[%emt 00:00:24]} 8. exd5 {[%clk
01:29:22]} {[%emt 00:00:34]} Bxd5 {[%clk 01:32:17]} {[%emt 00:00:32]} 9. Bxd5
{[%clk 01:29:00]} {[%emt 00:00:52]} Nxd5 {[%clk 01:32:39]} {[%emt 00:00:09]}
10. O-O {[%clk 01:26:49]} {[%emt 00:02:40]} Be7 {[%clk 01:32:49]} {[%emt
00:00:21]} 11. Re1 {[%clk 01:25:56]} {[%emt 00:01:23]} Na6 {[%clk 01:32:13]}
{[%emt 00:01:06]} 12. Qc4 {[%clk 00:53:13]} {[%emt 00:33:12]} Nac7 {[%clk
01:31:33]} {[%emt 00:01:10]} 13. Qxc5 {[%clk 00:51:43]} {[%emt 00:02:01]} O-O
{[%clk 01:31:34]} {[%emt 00:00:29]} 14. Qc2 {[%clk 00:51:05]} {[%emt 00:01:08]}
Rc8 {[%clk 01:11:54]} {[%emt 00:20:09]} 15. Bd2 {[%clk 00:42:45]} {[%emt
00:08:50]} Ne6 {[%clk 01:05:13]} {[%emt 00:07:13]} 16. Qd3 {[%clk 00:30:10]}
{[%emt 00:13:03]} Nb4 {[%clk 01:02:21]} {[%emt 00:03:22]} 17. Bxb4 {[%clk
00:30:00]} {[%emt 00:00:40]} Bxb4 {[%clk 01:02:44]} {[%emt 00:00:07]} 18. Rd1
{[%clk 00:29:52]} {[%emt 00:00:37]} Qf6 {[%clk 00:25:23]} {[%emt 00:37:52]} 19.
Nc3 {[%clk 00:24:01]} {[%emt 00:06:21]} Bxc3 {[%clk 00:25:29]} {[%emt
00:00:24]} 20. bxc3 {[%clk 00:24:20]} {[%emt 00:00:12]} Nf4 {[%clk 00:25:36]}
{[%emt 00:00:22]} 21. Qd6 {[%clk 00:20:19]} {[%emt 00:04:31]} Qf5 {[%clk
00:22:50]} {[%emt 00:03:16]} 22. Qxd7 {[%clk 00:13:06]} {[%emt 00:07:44]} Qg6
{[%clk 00:22:39]} {[%emt 00:00:40]} 23. Nh4 {[%clk 00:10:20]} {[%emt 00:03:16]}
Qg5 {[%clk 00:22:45]} {[%emt 00:00:25]} 24. g3 {[%clk 00:09:12]} {[%emt
00:01:38]} Rxc3 {[%clk 00:15:19]} {[%emt 00:07:55]} 25. Qf5 {[%clk 00:07:00]}
{[%emt 00:02:42]} Ne6 {[%clk 00:08:52]} {[%emt 00:06:57]} 26. Qxg5 {[%clk
00:06:42]} {[%emt 00:00:48]} Nxg5 {[%clk 00:09:17]} {[%emt 00:00:05]} 27. Rd5
{[%clk 00:05:55]} {[%emt 00:01:17]} Ne6 {[%clk 00:06:54]} {[%emt 00:02:53]} 28.
Ra5 {[%clk 00:05:56]} {[%emt 00:00:30]} Rc7 {[%clk 00:05:04]} {[%emt 00:02:20]}
29. Rb1 {[%clk 00:05:03]} {[%emt 00:01:22]} Rd8 {[%clk 00:04:35]} {[%emt
00:00:59]} 30. Nf3 {[%clk 00:04:04]} {[%emt 00:01:29]} g6 {[%clk 00:04:32]}
{[%emt 00:00:33]} 31. Rb4 {[%clk 00:03:41]} {[%emt 00:00:53]} Kg7 {[%clk
00:04:33]} {[%emt 00:00:30]} 32. Rba4 {[%clk 00:02:56]} {[%emt 00:01:14]} Rdd7
{[%clk 00:04:58]} {[%emt 00:00:05]} 33. Ra3 {[%clk 00:02:24]} {[%emt 00:01:03]}
Re7 {[%clk 00:02:12]} {[%emt 00:03:15]} 34. Kg2 {[%clk 00:02:18]} {[%emt
00:00:36]} h6 {[%clk 00:01:29]} {[%emt 00:01:13]} 35. Ne5 {[%clk 00:00:46]}
{[%emt 00:02:02]} Nc5 {[%clk 00:01:05]} {[%emt 00:00:55]} 36. Ng4 {[%clk
00:00:40]} {[%emt 00:00:36]} h5 {[%clk 00:00:43]} {[%emt 00:00:52]} 37. Ne3
{[%clk 00:01:01]} {[%emt 00:00:07]} Red7 {[%clk 00:01:06]} {[%emt 00:00:08]}
38. Rc3 {[%clk 00:01:07]} {[%emt 00:00:24]} Ne4 {[%clk 00:01:18]} {[%emt
00:00:19]} 39. Rxc7 {[%clk 00:00:50]} {[%emt 00:00:47]} Rxc7 {[%clk 00:01:44]}
{[%emt 00:00:04]} 40. Ra4 {[%clk 00:01:01]} {[%emt 00:00:17]} Nc3 {[%clk
00:01:49]} {[%emt 00:00:26]} 41. Ra3 {[%clk 00:27:18]} {[%emt 00:04:12]}
1/2-1/2